| 000 | 00811nas a2200253 4500 | ||
|---|---|---|---|
| 001 | BR7904051 | ||
| 003 | BR-BrBNA | ||
| 005 | 20231205083817.0 | ||
| 007 | ta | ||
| 008 | 230509b bl.|||p| |||| 00| 00por d | ||
| 040 |
_aBR-BrBNA _bpor _cBiblioteca Nacional de Agricultura |
||
| 041 | _a(Pt) | ||
| 072 | _aL70; L50 | ||
| 100 | 1 | _aVassallo, D.V. | |
| 100 | 1 | _aMill, J.G. | |
| 245 | 1 | _aCaracteristicas da contracao miocardica durante sua ativacao pela resposta lenta [coelho, coracao] | |
| 650 | _aCOELHO | ||
| 650 | _aAPARELHO CIRCULATORIO | ||
| 650 | _aCORACAO | ||
| 650 | _aMETABOLISMO ANIMAL | ||
| 773 | 0 |
_tRevista Brasileira de Pesquisas Medicas e Biologicas (Brazil) _xISSN 0034-7310 _g(May 1978), v. 11(1) p. 25-33 _wBR7904051 |
|
| 909 |
_a202311 _bLúcia _c55 _dLúcia Elande |
||
| 942 |
_2AGRIS _n0 _cANA |
||
| 999 |
_c101339 _d101339 |
||